| 000 | 00522nam a22001577a 4500 | ||
|---|---|---|---|
| 003 | OSt | ||
| 008 | 260623b |||||||| |||| 00| 0 eng d | ||
| 020 | _a9789388892612 | ||
| 082 |
_a632.1 _bP89A |
||
| 100 | _aPrakash, M. | ||
| 245 | _aAbiotic Stress Management for Climate Smart Agriculture/ by M. Prakash | ||
| 260 |
_aNew Delhi: _bInternational Books & Periodicals Supply Service, _c2021. |
||
| 300 | _aviii, 215 p. | ||
| 650 | _aSustainable development | Climatic changes | Crops--Effect of stress | ||
| 942 |
_2ddc _cBK |
||
| 999 |
_c52236 _d52236 |
||